Predikcia časových radov pomocou neurónových sietí
Uložené v:
| Hlavný autor: | |
|---|---|
| Ďalší autori: | |
| Médium: | Rukopis Kniha |
| Jazyk: | Slovak |
| Vydavateľské údaje: |
Bratislava :
STU v Bratislave FEI,
2008
|
| Predmet: | |
| Tagy: |
Žiadne tagy, Buďte prvý, kto otaguje tento záznam!
|
MARC
| LEADER | 00000ntm a22000003a 4500 | ||
|---|---|---|---|
| 001 | stu170604 | ||
| 005 | 20160426094137.4 | ||
| 008 | 080929s2008------------------------slo-d | ||
| 040 | |a STU |b slo | ||
| 041 | 0 | |a slo | |
| 100 | 1 | |a Oravec, Miloš, |d 1967- |4 ths |u E240 |U FEI Fakulta elektrotechniky a informatiky |T FEI Katedra telekomunikácií |X 2036 |U E240 |Y 72 |7 A000002036 | |
| 245 | 1 | |a Predikcia časových radov pomocou neurónových sietí | |
| 260 | |a Bratislava : |b STU v Bratislave FEI, |c 2008 | ||
| 300 | |a 50 s | ||
| 650 | 7 | |a Telekomunikácie |2 stusub | |
| 650 | 7 | |a neurónové siete |2 stusub | |
| 700 | 1 | |a Petráš, Miroslav |4 aut |u E |T FEI Fakulta elektrotechniky a informatiky |U E |Y 30 | |